00996cam a2200265 a 450000100100000000500170001000800410002702000150006804000230008308200190010610000400012524500880016526000300025330000210028349000420030450000250034665000290037165000310040065000320043170000430046383000530050691000340055995201220059399900150071500000895820200929161441.0771031s1994 sp 001 p spa  a8420612502 aDO-SdBNPcDLCdDLC a861.6bG958ó1 aGuillén, Jorge,d1893-198491198210aObra poética :bantología /cJorge Guillén ; prólogo, Joaquín Casalduero. aMadrid :bAlianza,c1994. a234 p. ;c19 cm.1 aEl Libro de BolsilloaLiteraturav250 aOctava reimpresión 4aPoesía española9631 4aLiteratura española9632 4aPoesíaxColecciones997291 aCasalduero, Joaquín,epról.915661 0aEl Libro de Bolsillo ,pLiteratura ;v250923550 aCatalogación por copia / LC 001052708MOaGRbGRcCTd2009-09-21iLF1l0o861.6 G958óp8958-10r2020-06-25w2020-06-25y2ZPréstamo interno c8722d8722